000 01244nam a2200385 i 4500
001 2315
003 KOSZ 005
005 20221116123556.0
008 990506s1984 pl a f f |000 0 pol
015 _aPB 1984/4935
020 _a8301056673
040 _aWA N
_cWA N
_dKOSZ 005/HR
041 0 _apol
046 _k1984
080 _a005
080 _a(075.8)
100 1 _aZimniewicz, Kazimierz
_eAutor
245 1 0 _aNauka o organizacji i zarządzaniu :
_bwybrane zagadnienia /
_cKazimierz Zimniewicz.
260 _aWarszawa ;
_aPoznań :
_bPaństwowe Wydawnictwo Naukowe,
_c1984.
300 _a148 s. :
_brys., wykr. ;
_c24 cm.
336 _2rdacontent
_aTekst
_btxt
337 _2rdamedia
_aBez urządzenia pośredniczącego
_bn
338 _2rdacarrier
_aWolumin
_bnc
380 _aKsiążki
388 _a1901-2000
388 _a1945-1989
504 _abibliogr. przy rozdz.
650 4 _aOrganizacja
650 4 _aZarządzanie
655 4 _aPodręczniki akademickie
658 _aZarządzanie i marketing
710 2 _aPaństwowe Wydawnictwo Naukowe
_4pbl.
856 _uhttp://koha.tu.koszalin.pl/cgi-bin/koha/opac-detail.pl?biblionumber=2315
_yKatalog online BPK
942 _2UKD
_cKS
999 _c2315
_d2315